000 00359cam a2200145ua 4500
041 _aeng
_h
082 _a826
_bPEA/HO
100 _aPeabody, James .
245 _aHolmes-Einstein letters /
_cJames Peabody.
_hTextual Documents
260 _aNew York :
_bSt Martins Press ,
_c1964.
300 _a377 ; .
504 _a
942 _cBK
999 _c11360
_d11360